|
|
|
|
| LEADER |
00000nam0a2200000 4500 |
| 001 |
163194 |
| 005 |
20231101222359.0 |
| 035 |
|
|
|a (RuTPU)RU\TPU\book\177044
|
| 090 |
|
|
|a 163194
|
| 100 |
|
|
|a 20090728d1973 k y0rusy50 ca
|
| 101 |
0 |
|
|a rus
|
| 102 |
|
|
|a RU
|
| 105 |
|
|
|a a z 001zy
|
| 200 |
1 |
|
|a Состояние воды в органических и неорганических соединениях (по инфракрасным спектрам поглощения)
|f А. В. Карякин, Г. А. Кривенцова
|
| 210 |
|
|
|a Москва
|c Наука
|d 1973
|
| 215 |
|
|
|a 176 с.
|c ил.
|
| 320 |
|
|
|a Библиогр.: с. 165-174.
|
| 606 |
1 |
|
|a Вода
|x Химия
|2 stltpush
|3 (RuTPU)RU\TPU\subj\2700
|9 31233
|
| 610 |
1 |
|
|a состояние
|
| 610 |
1 |
|
|a органические соединения
|
| 610 |
1 |
|
|a неорганические соединения
|
| 610 |
1 |
|
|a спектроскопические исследования
|
| 610 |
1 |
|
|a теория
|
| 610 |
1 |
|
|a применение
|
| 675 |
|
|
|a 546.21
|v 3
|
| 700 |
|
1 |
|a Карякин
|b А. В.
|g Аркадий Васильевич
|
| 701 |
|
1 |
|a Кривенцова
|b Г. А.
|g Галина Атаевна
|
| 801 |
|
1 |
|a RU
|b 63413507
|c 20090728
|g PSBO
|
| 801 |
|
2 |
|a RU
|b 63413507
|c 20180523
|g RCR
|
| 942 |
|
|
|c BK
|